Los crímenes de la calle morgue y otros cuentos /

Guardado en:
Autor Principal: Poe, Edgar Allan
Formato: Libro
Publicado: Buenos Aires : Eudeba, 2007
Series:Libros para siempre
Materias:
Etiquetas: Agregar Etiqueta
Sin Etiquetas, Sea el primero en etiquetar este registro!
LEADER 01350nam a22002895a 4500
001 CEM.cems012680
005 20080421095024.0
008 130507s2007##################000#0#####d
003 CEMS
020 |a 9789502313498 
082 0 4 |a 818.3 
100 1 |a Poe, Edgar Allan 
245 1 0 |a Los crímenes de la calle morgue y otros cuentos /  |c Edgar Allan Poe 
260 |a Buenos Aires :  |b Eudeba,  |c 2007 
300 |a 153 p. 
490 0 |a Libros para siempre 
500 |a Material para el programa "apoyo al último año de la secundaria para la articulación con el nivel superior". Plan Nacional de Lectura 
505 0 |a Manuscrito hallado en una botella -- El gato negro -- Los hechos del caso de M. Valdemar -- El corazón delator -- El barril de amontillado -- La máscara de la muerte roja -- Los crímenes de la calle Morgue -- La carta robada 
653 |a Literatura 
653 |a Literatura norteamericana-siglo 20 
653 |a Cuentos 
653 |a Cuentos policiales 
859 |a CEMS  |b BIB. CEMS - 11 de abril  |h 818.3  |i P752-8  |p 24013.07  |t Ej.1 
859 |a CEMS  |b BIB. CEMS - 11 de abril  |h 818.3  |i P752-8  |p 25085.08  |t Ej.2 
859 |a CEMS  |b BIB. CEMS - 11 de abril  |h 818.3  |i P752-8  |p 25086.08  |t Ej.3 
859 |a CEMS  |b BIB. CEMS - 11 de abril  |h 818.3  |i P752-8  |p 25087.08  |t Ej.4 
859 |a CEMS  |b BIB. CEMS - Ccias. Educacion  |h 818.3  |i P752-8  |p 28543.19  |t Ej.5